<?xml version="1.0" encoding="UTF-8"?>
<record
    xmlns:xsi="http://www.w3.org/2001/XMLSchema-instance"
    xsi:schemaLocation="http://www.loc.gov/MARC21/slim http://www.loc.gov/standards/marcxml/schema/MARC21slim.xsd"
    xmlns="http://www.loc.gov/MARC21/slim">

  <leader>03734nab a22007577  4500</leader>
  <controlfield tag="003">AR-RoUNA</controlfield>
  <datafield tag="022" ind1=" " ind2=" ">
    <subfield code="a">0327-9022</subfield>
  </datafield>
  <datafield tag="040" ind1=" " ind2=" ">
    <subfield code="a">AR-RoUNA</subfield>
    <subfield code="b">spa</subfield>
  </datafield>
  <datafield tag="041" ind1=" " ind2=" ">
    <subfield code="a">spa</subfield>
  </datafield>
  <datafield tag="044" ind1=" " ind2=" ">
    <subfield code="a">ag</subfield>
  </datafield>
  <datafield tag="245" ind1=" " ind2=" ">
    <subfield code="a">Summa+ / </subfield>
    <subfield code="b">20 A&#xD1;OS - Domesticidad - Monumentalidad - Informalismo</subfield>
  </datafield>
  <datafield tag="260" ind1=" " ind2=" ">
    <subfield code="a">Buenos Aires ,</subfield>
    <subfield code="c">1993</subfield>
  </datafield>
  <datafield tag="300" ind1=" " ind2=" ">
    <subfield code="a">160 p. :</subfield>
    <subfield code="b">il. byn.</subfield>
    <subfield code="b">planos</subfield>
    <subfield code="c">34 X25 cm.</subfield>
  </datafield>
  <datafield tag="505" ind1="0" ind2=" ">
    <subfield code="t">INDICE</subfield>
  </datafield>
  <datafield tag="505" ind1="0" ind2=" ">
    <subfield code="a">Marta Magis / Palabras de la directora. p. 4</subfield>
  </datafield>
  <datafield tag="505" ind1="0" ind2=" ">
    <subfield code="a">Carlos Eduardo Comas / Una domesticidad en retrospectiva 1993-2013. p. 12</subfield>
  </datafield>
  <datafield tag="505" ind1="0" ind2=" ">
    <subfield code="t">DOMESTICIDAD</subfield>
  </datafield>
  <datafield tag="505" ind1="0" ind2=" ">
    <subfield code="t">DE LA CIUDAD A LA SELVA</subfield>
  </datafield>
  <datafield tag="505" ind1="0" ind2=" ">
    <subfield code="a">Clusellas - O&#xB4;Connor / Casa NK, Palermo, CABA, 2011. p. 26</subfield>
  </datafield>
  <datafield tag="505" ind1="0" ind2=" ">
    <subfield code="t">OTRO PAISAJE</subfield>
  </datafield>
  <datafield tag="505" ind1="0" ind2=" ">
    <subfield code="a">Forte, Gimenes &amp; Marcondes Ferraz arqs. / Casa Grelha, San Pablo, Brasil, 2007. p. 33</subfield>
  </datafield>
  <datafield tag="505" ind1="0" ind2=" ">
    <subfield code="t">MODULANDO LA FLEXIBILIDAD</subfield>
  </datafield>
  <datafield tag="505" ind1="0" ind2=" ">
    <subfield code="a">H Arq. - Dataae / 57 Viviendas universitarias en el campus de la Etsav (UPC), Barcelona, 2011. p. 39</subfield>
  </datafield>
  <datafield tag="505" ind1="0" ind2=" ">
    <subfield code="t">LA INTIMIDAD COSMOPOLITA</subfield>
  </datafield>
  <datafield tag="505" ind1="0" ind2=" ">
    <subfield code="a">Ten arq. - Enrique Norten / Hotel Americano, Nueva York, EEUU, 2010. p. 43</subfield>
  </datafield>
  <datafield tag="505" ind1="0" ind2=" ">
    <subfield code="t">EN LA REPETICI&#xD3;N, LA DIFERENCIA</subfield>
  </datafield>
  <datafield tag="505" ind1="0" ind2=" ">
    <subfield code="a">CMS arqs. / Edificio SL 2401, Rosario, 2012. p. 47</subfield>
  </datafield>
  <datafield tag="505" ind1="0" ind2=" ">
    <subfield code="a">Roberto Fern&#xE1;ndez / Monumentos necesarios. p. 50</subfield>
  </datafield>
  <datafield tag="505" ind1="0" ind2=" ">
    <subfield code="t">MONUMENTALIDAD</subfield>
  </datafield>
  <datafield tag="505" ind1="0" ind2=" ">
    <subfield code="t">EL VOLUMEN DE LO SAGRADO</subfield>
  </datafield>
  <datafield tag="505" ind1="0" ind2=" ">
    <subfield code="a">Gustavo Penna / Capilla de todos los santos, Minas Gerais, 2010. p. 67</subfield>
  </datafield>
  <datafield tag="505" ind1="0" ind2=" ">
    <subfield code="t">DISCRETOS CONTRASTES</subfield>
  </datafield>
  <datafield tag="505" ind1="0" ind2=" ">
    <subfield code="a">G Ateliers / Centro Cultural Parque Biblioteca Fernando Botero, Medell&#xED;n, Colombia, 2011. p. 70</subfield>
  </datafield>
  <datafield tag="505" ind1="0" ind2=" ">
    <subfield code="t">COMO LA LEJAN&#xCD;A, COMO EL TIEMPO, COMO EL MAR</subfield>
  </datafield>
  <datafield tag="505" ind1="0" ind2=" ">
    <subfield code="a">Bernardes + Jacobsen arq. / MAR - Museu de arte do Rio, R&#xED;o de Janeiro, Brasil, 2013. p. 76</subfield>
  </datafield>
  <datafield tag="505" ind1="0" ind2=" ">
    <subfield code="t">UNA VENTANA PARA MANHATTAN</subfield>
  </datafield>
  <datafield tag="505" ind1="0" ind2=" ">
    <subfield code="a">Renzo Piano Building Worksho - Fxfdwle arq, P.C (Nueva York) / Edificio del New Yorks Times, 2007. p. 81</subfield>
  </datafield>
  <datafield tag="505" ind1="0" ind2=" ">
    <subfield code="t">EL ANILLO DE ORO</subfield>
  </datafield>
  <datafield tag="505" ind1="0" ind2=" ">
    <subfield code="a">Adjaye Associates / Escuela de Negocios, Skolkovo, Mosc&#xFA;, 2010. p. 87</subfield>
  </datafield>
  <datafield tag="505" ind1="0" ind2=" ">
    <subfield code="a">Fernando Diez y Mart&#xED;n Di Peco / La forma del informalismo. p. 90</subfield>
  </datafield>
  <datafield tag="505" ind1="0" ind2=" ">
    <subfield code="t">INFORMALISMO</subfield>
  </datafield>
  <datafield tag="505" ind1="0" ind2=" ">
    <subfield code="t">RESPIRAR ESPACIO</subfield>
  </datafield>
  <datafield tag="505" ind1="0" ind2=" ">
    <subfield code="a">Jos&#xE9; Cruz Ovalle y asoc. / Campus Universidad Adolfo Iba&#xF1;ez U.A.I, Vi&#xF1;a del Mar, Chile, 2011. p. 106</subfield>
  </datafield>
  <datafield tag="505" ind1="0" ind2=" ">
    <subfield code="t">EVENTO GEOGR&#xC1;FICO Y SOCIAL</subfield>
  </datafield>
  <datafield tag="505" ind1="0" ind2=" ">
    <subfield code="a">Carla Jua&#xE7;aba / Pabell&#xF3;n Humanidad 2012, Rio de Janeiro, Brasil, 2012. p. 112</subfield>
  </datafield>
  <datafield tag="505" ind1="0" ind2=" ">
    <subfield code="t">EL QUE BUSCA ENCUENTRA</subfield>
  </datafield>
  <datafield tag="505" ind1="0" ind2=" ">
    <subfield code="a">Al Borde / Ladrillos, bloques y otros elementos abandonados y parches, Ecuador, 2012. p. 118</subfield>
  </datafield>
  <datafield tag="505" ind1="0" ind2=" ">
    <subfield code="t">EN LA FRONTERA DE LOS SENTIDOS</subfield>
  </datafield>
  <datafield tag="505" ind1="0" ind2=" ">
    <subfield code="a">Bertolino - Barrado / Pabellones de servicios, quinchos y asadores, Capilla del Monte, C&#xF3;rdoba, 2008. p. 124</subfield>
  </datafield>
  <datafield tag="505" ind1="0" ind2=" ">
    <subfield code="t">ILUMINADOS PPOR EL DISE&#xD1;O</subfield>
  </datafield>
  <datafield tag="505" ind1="0" ind2=" ">
    <subfield code="a">TYIN Tegnestue Arch. / Faro Comunal Klong Toey, Tailandia, 2011. p. 128</subfield>
  </datafield>
  <datafield tag="505" ind1="0" ind2=" ">
    <subfield code="t">CON VIENTO Y TIERRA</subfield>
  </datafield>
  <datafield tag="505" ind1="0" ind2=" ">
    <subfield code="a">Arc&#xF3; - Archt. e Coop. / Escuela Abu Hindi, &#xC1;rea de Al Azarije, al este de Jerusal&#xE9;n, 2010. p. 130</subfield>
  </datafield>
  <datafield tag="505" ind1="0" ind2=" ">
    <subfield code="t">ASTUCIAS VARIOPINTAS</subfield>
  </datafield>
  <datafield tag="505" ind1="0" ind2=" ">
    <subfield code="a">Zoohaus, Zuldark, Pei &amp; otros / Inteligencias colectivas Palomino, Sociedad en construcci&#xF3;n, La Guajira, Colombia, 2010. p. 132</subfield>
  </datafield>
  <datafield tag="505" ind1="0" ind2=" ">
    <subfield code="t">OPINIONES </subfield>
  </datafield>
  <datafield tag="505" ind1="0" ind2=" ">
    <subfield code="t">PERFILES</subfield>
  </datafield>
  <datafield tag="505" ind1="0" ind2=" ">
    <subfield code="t">Alfonso Corona Mart&#xED;nez / De la fachada a la piel: otra mirada sobre el Siglo XX. p. 154</subfield>
  </datafield>
  <datafield tag="505" ind1="0" ind2=" ">
    <subfield code="a">Pablo G&#xFC;iraldes / Debates abiertos, nuevos y viejos foros. p. 156</subfield>
  </datafield>
  <datafield tag="650" ind1=" " ind2=" ">
    <subfield code="a">Arquitectura contempor&#xE1;nea</subfield>
  </datafield>
  <datafield tag="773" ind1="0" ind2=" ">
    <subfield code="a">Summa+</subfield>
    <subfield code="d">Buenos Aires, Argentina</subfield>
    <subfield code="g">N&#xBA;130 (jul-2013), p. 160</subfield>
    <subfield code="x">0327-9022</subfield>
  </datafield>
  <datafield tag="908" ind1=" " ind2=" ">
    <subfield code="a">Imp</subfield>
  </datafield>
  <datafield tag="942" ind1=" " ind2=" ">
    <subfield code="2">udc</subfield>
    <subfield code="c">ART</subfield>
  </datafield>
  <datafield tag="945" ind1=" " ind2=" ">
    <subfield code="a">MBP</subfield>
    <subfield code="d">2022-07-08</subfield>
  </datafield>
  <datafield tag="980" ind1=" " ind2=" ">
    <subfield code="8">138</subfield>
    <subfield code="g">Carolina Rainero</subfield>
    <subfield code="6">138</subfield>
    <subfield code="a">Carolina Rainero</subfield>
  </datafield>
  <datafield tag="999" ind1=" " ind2=" ">
    <subfield code="c">12276</subfield>
    <subfield code="d">12276</subfield>
  </datafield>
  <datafield tag="952" ind1=" " ind2=" ">
    <subfield code="0">0</subfield>
    <subfield code="1">0</subfield>
    <subfield code="2">udc</subfield>
    <subfield code="4">0</subfield>
    <subfield code="7">0</subfield>
    <subfield code="a">AR-RoUNA</subfield>
    <subfield code="b">AR-RoUNA</subfield>
    <subfield code="c">Heme</subfield>
    <subfield code="d">2025-12-02</subfield>
    <subfield code="e">Sub</subfield>
    <subfield code="l">0</subfield>
    <subfield code="p">1002865</subfield>
    <subfield code="r">2025-12-02</subfield>
    <subfield code="t">ej. 1</subfield>
    <subfield code="w">2025-12-02</subfield>
    <subfield code="y">ART</subfield>
    <subfield code="k">K6</subfield>
    <subfield code="x"></subfield>
  </datafield>
</record>
